| 000 | 01243nam a22002897a 4500 | ||
|---|---|---|---|
| 005 | 20240530110541.0 | ||
| 008 | 160514s2012 ua a g b 000 0 ara d | ||
| 017 |
_a2012/19618 _bمصر . دار الكتب المصرية |
||
| 020 | _a9789773504909 | ||
| 040 | _aEG-CaGPL | ||
| 082 | 0 | 4 |
_221 _a155.24\ _bأ ع |
| 100 | 0 | _aاحمد الحسينى هلال . | |
| 245 | 1 | 0 |
_aعلم النفس الحديث : _bالضبط التنفيذى و الوظائف التنفيذية : المفهوم - النظرية - التطبيق - التأهيل / _cتاليف احمد الحسينى هلال ، شهدان محمد عثمان ابراهيم . |
| 250 | _aط.1 | ||
| 260 |
_aالقاهرة : _bدار الكتاب الحديث ، _c2012 . |
||
| 300 |
_a195 ص ؛ _c24 سم . |
||
| 504 | _aببليوجرافية : ص 173 - 195 | ||
| 650 | 0 | 4 | _aعلم النفس الحديث . |
| 650 | 0 | 4 | _aالاكتئاب . |
| 650 | 0 | 4 | _aالوسواس القهرى . |
| 650 | 0 | 4 | _aالقلق . |
| 650 | 0 | 4 | _aعلم النفس المرضى . |
| 650 | 0 | 4 | _aعلم النفس التربوى . |
| 700 | 0 |
_aشهدان محمد عثمان ابراهيم _eمؤلف مشارك . |
|
| 942 |
_2ddc _cBK |
||
| 999 |
_c62262 _d62262 |
||